Re-reading the old testament prophets : (Record no. 8117)

MARC details
000 -LEADER
fixed length control field 01068cam a22003375i 4500
001 - CONTROL NUMBER
control field 21102148
003 - CONTROL NUMBER IDENTIFIER
control field OSt
005 - DATE AND TIME OF LATEST TRANSACTION
control field 20190918132311.0
008 - FIXED-LENGTH DATA ELEMENTS--GENERAL INFORMATION
fixed length control field 190717s2019 ii 000 0 eng d
010 ## - LIBRARY OF CONGRESS CONTROL NUMBER
LC control number 2019335753
020 ## - INTERNATIONAL STANDARD BOOK NUMBER
International Standard Book Number 9789351483540
Qualifying information (HB)
020 ## - INTERNATIONAL STANDARD BOOK NUMBER
International Standard Book Number 9351483541
020 ## - INTERNATIONAL STANDARD BOOK NUMBER
International Standard Book Number 9789351483557
Qualifying information (PB)
020 ## - INTERNATIONAL STANDARD BOOK NUMBER
International Standard Book Number 935148355X
025 ## - OVERSEAS ACQUISITION NUMBER
Overseas acquisition number I-E-2019335753 ; 13-90
035 ## - SYSTEM CONTROL NUMBER
System control number (OCoLC)on1109211227
035 ## - SYSTEM CONTROL NUMBER
System control number (OCoLC)1109211227
037 ## - SOURCE OF ACQUISITION
Source of stock number/acquisition Library of Congress -- New Delhi Overseas Office
040 ## - CATALOGING SOURCE
Original cataloging agency DKAGE
Language of cataloging eng
Description conventions rda
Transcribing agency DKAGE
Modifying agency DLC
042 ## - AUTHENTICATION CODE
Authentication code lccopycat
-- lcode
082 ## - DEWEY DECIMAL CLASSIFICATION NUMBER
Edition number 23
Classification number 224
Item number L211R
245 00 - TITLE STATEMENT
Title Re-reading the old testament prophets :
Remainder of title the spirit of god in the exilic seers /
Statement of responsibility, etc. B. Lalnunzira.
264 #1 - PRODUCTION, PUBLICATION, DISTRIBUTION, MANUFACTURE, AND COPYRIGHT NOTICE
Place of production, publication, distribution, manufacture New Delhi :
Name of producer, publisher, distributor, manufacturer Christian World Imprints,
Date of production, publication, distribution, manufacture, or copyright notice 2019.
300 ## - PHYSICAL DESCRIPTION
Extent xx, 153 pages ;
Dimensions 23 cm
336 ## - CONTENT TYPE
Content type term text
Content type code txt
Source rdacontent
337 ## - MEDIA TYPE
Media type term unmediated
Media type code n
Source rdamedia
338 ## - CARRIER TYPE
Carrier type term volume
Carrier type code nc
Source rdacarrier
906 ## - LOCAL DATA ELEMENT F, LDF (RLIN)
a 7
b par
c copycat
d 3
e ncip
f 20
g y-gencatlg
942 ## - ADDED ENTRY ELEMENTS (KOHA)
Source of classification or shelving scheme Dewey Decimal Classification
Koha item type Books
Holdings
Withdrawn status Lost status Source of classification or shelving scheme Damaged status Not for loan Collection code Home library Current library Date acquired Cost, normal purchase price Total Checkouts Full call number Barcode Date last seen Date last checked out Price effective from Koha item type
    Dewey Decimal Classification     Non-fiction Harvest Mission College Harvest Mission College 18.09.2019 650.00 1 224 L211R 009254 30.03.2026 18.11.2025 18.09.2019 Books

OPAC Designed and Maintained by HMC Library Team.
Copyright © HMC Library,Greater Noida, UP.
For any Suggestions/Query Contact library via Email:libhmc@gmail.com